000 00541pab a2200181 454500
008 180718b2006 xxu||||| |||| 00| 0 eng d
100 _aAli, S. Harris
245 _aGlobal cities and the spread of infectious disease: the case of severe acute respiratory syndrome (SARS) in Toronto, Canada
260 _c2006
300 _ap.491-509.
362 _aMar
650 _aDiseases - Canada
650 _aInfectious diseases - Canada
650 _aInfectious diseases
700 _aKeil, Roger
773 _aUrban Studies
909 _a69839
999 _c69839
_d69839